Guess the 1960s song lyrics #11 - Statistics

General Stats
  • This quiz has been taken 20 times
  • The average score is 148 of 274
Answer Stats
Answer % Correct
I
100%
a
94%
the
94%
The
94%
an
88%
in
88%
on
88%
to
88%
To
88%
you
88%
You
88%
all
82%
for
82%
He
82%
me
82%
my
82%
no
82%
that
82%
We
82%
we
82%
When
82%
when
82%
And
76%
and
76%
can
76%
could
76%
hear
76%
know
76%
of
76%
then
76%
there
76%
You're
76%
at
71%
At
71%
have
71%
I'll
71%
it's
71%
say
71%
way
71%
come
65%
down
65%
from
65%
her
65%
if
65%
night
65%
now
65%
said
65%
thing
65%
up
65%
was
65%
Well
65%
back
59%
got
59%
one
59%
right
59%
see
59%
Won't
59%
But
53%
his
53%
Man's
53%
never
53%
saw
53%
should
53%
Curve
47%
curve
47%
Dead
47%
into
47%
last
47%
race
47%
street
47%
were
47%
heard
41%
keep
41%
Let's
41%
off
41%
out
41%
you've
41%
late
35%
away
29%
cruisin
29%
everyone
29%
light
29%
line
29%
remember
29%
better
24%
buddy
24%
drag
24%
each
24%
em
24%
forget
24%
green
24%
new
24%
place
24%
runnin
24%
sight
24%
started
24%
while
24%
best
18%
Doc
18%
found
18%
horrible
18%
other
18%
pulled
18%
rolled
18%
sat
18%
slide
18%
swerve
18%
turned
18%
XKE
18%
both
12%
fine
12%
Jag
12%
machine
12%
myself
12%
nerve
12%
passed
12%
play
12%
screamin
12%
taillights
12%
window
12%
buggin
6%
challenged
6%
clutch
6%
Crescent
6%
deserted
6%
Doheny
6%
flew
6%
Friday
6%
guess
6%
Heights
6%
LaBrea
6%
mill's
6%
past
6%
popped
6%
Schwab's
6%
shiny
6%
six
6%
Stingray
6%
Sunset
6%
throw
6%
Vine
6%
whine
6%
No matching quizzes found
Score Distribution
Percent of People with Each Score
Percentile by Number Answered
Your Score History
You have not taken this quiz